On foreign capital investment bifurcations

Bifurkačná analýza makroekonomického modelu. Model zložený z troch diferenciálnych rovníc. Prvá popisuje správanie úspor, druhá popisuje vplyv úspor a zahraničných investícií na prírastok výstupu systému. Tretia rovnica popisuje správanie zahraničných kapitálových trhov. Analýzou je nájdená stacioná...

Descrizione completa

Salvato in:
Dettagli Bibliografici
Autore principale: Vošvrda, Miloslav S.
Natura: Capitolo di libro
Lingua:inglese
Soggetti:
Tags: Aggiungi Tag
Nessun Tag, puoi essere il primo ad aggiungerne!!

MARC

LEADER 00000naa a2200000 4500
001 r044107
005 20230929074035.3
041 0 |a eng 
044 |a SK 
245 1 0 |a On foreign capital investment bifurcations  |c Miloslav S. Vošvrda 
520 |a Bifurkačná analýza makroekonomického modelu. Model zložený z troch diferenciálnych rovníc. Prvá popisuje správanie úspor, druhá popisuje vplyv úspor a zahraničných investícií na prírastok výstupu systému. Tretia rovnica popisuje správanie zahraničných kapitálových trhov. Analýzou je nájdená stacionárna rovnováha, ak existuje, a sú formulované podmienky pre stabilitu rovnováhy systému. 
610 2 0 |a investície zahraničné 
610 2 0 |a modely makroekonomické 
610 2 0 |a systémy ekonomické 
610 2 0 |a rovnováha hospodárska 
610 2 0 |a úspory 
610 2 0 |a cykly hospodárske 
610 2 0 |a stabilita hospodárstva 
610 2 0 |a správanie 
610 2 0 |a kapitál 
100 1 |a Vošvrda, Miloslav S.